Les brésiliens passés par l'OL - Statistiques

Statistiques générales
  • Ce quiz a été pris 83 fois
  • Le résultat moyen est 13 sur 27
Statistiques - réponses
Hint Réponse % Correct
2001-2009 (MIL) Juninho
95%
2004-2012 (DEF) Cris
79%
2020-2022 (MIL) Lucas Paqueta
79%
2020-2022 (MIL) Bruno Guimaraes
78%
2024- (GB) Lucas Perri
74%
2017-2020 (DEF) Fernando Marçal
65%
2009-2013 (ATT) Michel Bastos
65%
2015-2020 (DEF) Rafael
63%
2007-2010 (DEF) Cleber Anderson
62%
2017-2022 (DEF) Marcelo
60%
2005-2009 (ATT) Fred
55%
2019-2023 (MIL) Thiago Mendes
55%
2000-2007 (DEF) Claudio Caçapa
50%
1999-2003 (ATT) Sonny Anderson
46%
2023-2025 (ATT) Jeffinho
44%
2024-2025 (DEF) Adryelson
40%
2000-2004 (DEF) Edmilson
37%
2004-2005 (ATT) Nilmar
33%
2022-2023 (ATT) Tetê
33%
2021- 2024 (DEF) Henrique
32%
2008-2012 (MIL) Honorato Ederson
31%
2003-2005 (ATT) Giovanni Elber
28%
2019-2021 (MIL) Jean Lucas
28%
2020- 2023 (MIL) Camilo
17%
2007-2009 (MIL) Fabio Santos
10%
1993-1997 (DEF) Marcelo Djian
3%
1957-1959 (MIL) Pires Constantino
1%
Aucun quiz correspondant
Distribution des résultats
% des personnes avec chaque résultat
Percentile par nombre de réponses
Votre historique - résultats
Vous n’avez pas pris ce quiz